[Event "HUN Team League Ch. Csongrad Region"]
[Site "Csongrád County"]
[Date "2016.04.24"]
[Round "9.4"]
[White "Sipos, Kalman"]
[Black "Balatoni, Gyorgy"]
[Result "0-1"]
[WhiteElo "1786"]
[BlackElo "1763"]
[PlyCount "68"]
[EventDate "2015.09.20"]

1. e4 c6 2. d4 d5 3. Nc3 dxe4 4. Nxe4 Nd7 5. Nf3 Ngf6 6. Nxf6+ Nxf6 7. h3 g6 8.
Bc4 e6 9. Be3 Bg7 10. O-O O-O 11. c3 b5 12. Be2 Bb7 13. Nd2 Nd7 14. Bf3 e5 15.
Nb3 Qc7 16. Qd2 Rfe8 17. Rfe1 a6 18. Bh6 Rad8 19. Bxg7 Kxg7 20. Qc2 Qb6 21.
Rad1 f5 22. g3 e4 23. Bg2 c5 24. dxc5 Nxc5 25. Nxc5 Qxc5 26. Qc1 Bc6 27. Qf4
Rxd1 28. Rxd1 e3 29. Qc7+ Re7 30. Qxc6 exf2+ 31. Kf1 Qe3 32. Bf3 Qe1+ 33. Rxe1
fxe1=Q+ 34. Kg2 Qd2+ 0-1

[Event "HUN Team League Ch. Csongrad Region"]
[Site "Csongrád County"]
[Date "2016.04.24"]
[Round "9.4"]
[White "Kozak, Janos"]
[Black "Abraham, Lajos"]
[Result "1/2-1/2"]
[WhiteElo "1571"]
[BlackElo "1774"]
[PlyCount "52"]
[EventDate "2015.09.20"]

1. c4 Nf6 2. Nc3 e5 3. Nf3 d6 4. g3 b6 5. Bg2 Bb7 6. O-O Nbd7 7. Re1 Rb8 8. e4
g6 9. d4 Bg7 10. d5 O-O 11. b4 a6 12. Nh4 Bc8 13. h3 Nh5 14. Nf5 gxf5 15. Qxh5
Nf6 16. Qh4 Nxe4 17. Qxd8 Rxd8 18. Nxe4 fxe4 19. Rxe4 Bf5 20. Re1 Bd3 21. Bf1
e4 22. Bg5 Bxa1 23. Bxd8 Bc3 24. Rc1 Bxb4 25. Bxc7 Rb7 26. Bd8 Rb8 1/2-1/2

[Event "HUN Team League Ch. Csongrad Region"]
[Site "Csongrád County"]
[Date "2016.04.24"]
[Round "9.4"]
[White "Bartos, Ferenc"]
[Black "Makay, Andor Dr"]
[Result "1-0"]
[WhiteElo "1786"]
[BlackElo "1707"]
[PlyCount "65"]
[EventDate "2015.09.20"]

1. e4 c5 2. Nc3 g6 3. f4 e6 4. d3 Bg7 5. Nf3 a6 6. Qe2 Nc6 7. Nd1 Nd4 8. Nxd4
cxd4 9. Nf2 Nf6 10. g4 d6 11. Bg2 Nd7 12. h4 h5 13. f5 hxg4 14. fxg6 Ne5 15.
gxf7+ Kd7 16. Bg5 Qa5+ 17. Bd2 Qd8 18. Nxg4 Rxh4 19. Nxe5+ dxe5 20. O-O-O Kc7
21. Qf2 Rxh1 22. Rxh1 Bd7 23. Rh7 Qf8 24. Qg3 Bf6 25. Bh6 Qe7 26. Qg8 Rd8 27.
f8=Q Rxf8 28. Bxf8 Bg5+ 29. Kb1 Qf6 30. Qf7 Qd8 31. Qxe6 Kc8 32. Qxd7+ Qxd7 33.
Bh3 1-0

[Event "HUN Team League Ch. Csongrad Region"]
[Site "Csongrád County"]
[Date "2016.04.24"]
[Round "9.4"]
[White "Zenovitz, Otto"]
[Black "Kadnar, Emil"]
[Result "0-1"]
[WhiteElo "1533"]
[BlackElo "1667"]
[PlyCount "110"]
[EventDate "2015.09.20"]

1. c4 e5 2. d3 Be7 3. g3 h6 4. Bg2 Nf6 5. Nf3 d6 6. O-O O-O 7. Nbd2 Be6 8. b3
c5 9. Bb2 Nc6 10. e3 Rb8 11. a3 a5 12. Qc2 Qc8 13. Ne4 Nh7 14. Kh1 f5 15. Nc3
Nf6 16. Ng1 Qe8 17. f4 Qh5 18. Nh3 Ng4 19. Rae1 Rbe8 20. Nd5 Bxd5 21. cxd5 Nd8
22. fxe5 dxe5 23. d4 exd4 24. exd4 b6 25. Rf3 Nb7 26. Bf1 Nxh2 27. Rf4 Nxf1 28.
Kg2 Bd6 29. Rfxf1 Rxe1 30. Rxe1 Re8 31. Rxe8+ Qxe8 32. Bc3 Qe3 33. Bd2 Qxd4 34.
Bf4 g5 35. Bxd6 Nxd6 36. Nf2 Ne4 37. Nxe4 fxe4 38. d6 Qxd6 39. Qxe4 Qd2+ 40.
Kh3 Qd7+ 41. Kg2 Qd6 42. a4 Kf7 43. Qh7+ Ke8 44. Qg8+ Kd7 45. Qf7+ Kc6 46. Qe8+
Kd5 47. Qf7+ Qe6 48. Qb7+ Kd4 49. Qg7+ Kd3 50. Qh7+ Qe4+ 51. Qxe4+ Kxe4 52. Kf2
h5 53. Ke2 h4 54. gxh4 gxh4 55. Kf2 Kd3 0-1

[Event "HUN Team League Ch. Csongrad Region"]
[Site "Csongrád County"]
[Date "2016.04.24"]
[Round "9.5"]
[White "Karpati, Zoltan Dr"]
[Black "Csibor, Andras"]
[Result "0-1"]
[WhiteElo "1716"]
[BlackElo "1838"]
[PlyCount "62"]
[EventDate "2015.09.20"]

1. c4 Nf6 2. Nc3 e6 3. g3 d5 4. cxd5 exd5 5. d4 c6 6. Bg2 Be7 7. Nf3 O-O 8. O-O
Re8 9. Re1 Bf5 10. Bf4 Bd6 11. Bxd6 Qxd6 12. a3 Nbd7 13. e3 Bg4 14. Qc2 h6 15.
b4 b5 16. a4 a6 17. Qb2 Nb6 18. Ne5 Nc4 19. Nxc4 bxc4 20. e4 dxe4 21. Nxe4 Nxe4
22. Rxe4 Rxe4 23. Bxe4 Re8 24. Bg2 Rb8 25. Re1 Be6 26. Qc3 Rxb4 27. a5 Rb3 28.
Qc2 Qxd4 29. Bxc6 Rb2 30. Re4 Qf6 31. Rf4 Rxc2 0-1

[Event "HUN Team League Ch. Csongrad Region"]
[Site "Csongrád County"]
[Date "2016.04.24"]
[Round "9.5"]
[White "Hajnal, Bence"]
[Black "Farkas, Boldizsar"]
[Result "1/2-1/2"]
[WhiteElo "1766"]
[BlackElo "1411"]
[PlyCount "68"]
[EventDate "2015.09.20"]

1. h3 e6 2. b3 d5 3. g3 c5 4. e3 b6 5. d3 Nf6 6. Bg2 Bb7 7. Bb2 Be7 8. Nd2 Qc7
9. Ne2 Nbd7 10. a3 h6 11. O-O O-O 12. g4 Ne5 13. f4 Nexg4 14. hxg4 Nxg4 15. Rf3
c4 16. bxc4 dxc4 17. Rg3 h5 18. Nxc4 Bh4 19. Rxg4 hxg4 20. e4 g5 21. Be5 Qc5+
22. Kh1 Qc6 23. Nd4 Qd7 24. fxg5 f6 25. Bxf6 Bf2 26. Qxg4 Bxd4 27. Bxd4 Qxd4
28. Qxe6+ Kh8 29. Ne5 Qxa1+ 30. Kh2 Rae8 31. Qh6+ Kg8 32. Qg6+ Kh8 33. Qh6+ Kg8
34. Qg6+ Kh8 1/2-1/2

[Event "HUN Team League Ch. Csongrad Region"]
[Site "Csongrád County"]
[Date "2016.04.24"]
[Round "9.5"]
[White "Vidu, Armand"]
[Black "Szekeres, Mihaly"]
[Result "1-0"]
[WhiteElo "1544"]
[BlackElo "1683"]
[PlyCount "65"]
[EventDate "2015.09.20"]

1. e4 c5 2. Nf3 d6 3. Bb5+ Bd7 4. Bxd7+ Nxd7 5. Nc3 Ngf6 6. O-O e6 7. d3 a6 8.
d4 cxd4 9. Nxd4 Qc7 10. Re1 Be7 11. Bg5 h6 12. Bh4 O-O 13. Qe2 Ne5 14. f4 Nc4
15. e5 dxe5 16. fxe5 Bc5 17. Qxc4 Qb6 18. Bf2 Ng4 19. Na4 Qa7 20. Qxc5 b5 21.
Qxa7 Rxa7 22. Nxe6 Nxf2 23. Nxf8 bxa4 24. Kxf2 Kxf8 25. Rad1 Ke7 26. Rd4 Rb7
27. b3 axb3 28. cxb3 a5 29. Rc1 Rb5 30. Rcd1 Ke6 31. Re1 g6 32. g4 Rb6 33. Rd6+
1-0

[Event "HUN Team League Ch. Csongrad Region"]
[Site "Csongrád County"]
[Date "2016.04.24"]
[Round "9.5"]
[White "Miseta, Zsuzsanna"]
[Black "Farkas, Virag"]
[Result "1-0"]
[WhiteElo "1706"]
[BlackElo "1410"]
[PlyCount "91"]
[EventDate "2015.09.20"]

1. e4 c5 2. Nf3 a6 3. d4 cxd4 4. Nxd4 Nf6 5. Bd3 e5 6. Nf3 Nc6 7. a3 d5 8. exd5
Nxd5 9. Be4 Be6 10. Ng5 Be7 11. Nxe6 fxe6 12. Qg4 Bf6 13. Qxe6+ Nce7 14. g3 Qd7
15. Qxd7+ Kxd7 16. O-O Ke8 17. Nd2 Kf7 18. Nc4 Rhd8 19. Re1 Rac8 20. Bxd5+ Nxd5
21. Nxe5+ Bxe5 22. Rxe5 Rxc2 23. b4 Nf6 24. Bg5 h6 25. Bxf6 Kxf6 26. Rae1 Rdd2
27. Re6+ Kf7 28. Re7+ Kf8 29. Re8+ Kf7 30. R1e7+ Kf6 31. Rxb7 Kg6 32. Rf8 Kh7
33. Rb6 Rd1+ 34. Kg2 Rcc1 35. Rxa6 Rg1+ 36. Kh3 Ra1 37. b5 Rgb1 38. b6 Rb2 39.
a4 Raa2 40. Kg2 Rb1 41. a5 Rbb2 42. Ra7 Rb5 43. b7 Rab2 44. a6 Rb6 45. Raa8
R2b5 46. b8=Q 1-0

[Event "HUN Team League Ch. Csongrad Region"]
[Site "Csongrád County"]
[Date "2016.04.24"]
[Round "9.5"]
[White "Febert, Richard"]
[Black "Kajari, Daniel"]
[Result "0-1"]
[WhiteElo "1323"]
[BlackElo "1468"]
[PlyCount "66"]
[EventDate "2015.09.20"]

1. e4 e5 2. Nf3 Nc6 3. Bc4 Bc5 4. d3 d6 5. Ng5 Nh6 6. Qf3 Qf6 7. Qxf6 gxf6 8.
Nf3 Ng8 9. h3 Na5 10. Bb3 Nxb3 11. axb3 f5 12. Nc3 a6 13. Bd2 f4 14. Nd5 Kd7
15. Bc3 f6 16. b4 c6 17. bxc5 cxd5 18. cxd6 Kxd6 19. exd5 Kxd5 20. O-O Ne7 21.
Rfe1 Ng6 22. Ra5+ b5 23. Bb4 Bd7 24. c4+ Kc6 25. Rc1 Kb6 26. c5+ Kc7 27. d4 Bc6
28. dxe5 fxe5 29. Ra3 Rad8 30. Bc3 Rhe8 31. h4 Bxf3 32. Bxe5+ Nxe5 33. gxf3 Rd3
0-1

[Event "HUN Team League Ch. Csongrad Region"]
[Site "Csongrád County"]
[Date "2016.04.24"]
[Round "9.5"]
[White "Lango, Patrik"]
[Black "Kocsmar, Akos"]
[Result "0-1"]
[WhiteElo "1495"]
[BlackElo "1429"]
[PlyCount "154"]
[EventDate "2015.09.20"]

1. Nf3 c5 2. c4 g6 3. Nc3 Bg7 4. g3 Nc6 5. Bg2 Nf6 6. O-O d6 7. b3 Ne4 8. Bb2
Nxc3 9. Bxc3 O-O 10. Bxg7 Kxg7 11. d3 h6 12. Qd2 Bf5 13. Nh4 Be6 14. Qb2+ Kh7
15. Rfe1 Rc8 16. a3 Qb6 17. Rab1 a5 18. Qc2 Nd4 19. Qc3 a4 20. b4 Nb3 21. bxc5
Qxc5 22. Qb4 Qxb4 23. axb4 b6 24. b5 Rc7 25. Rb2 Ra7 26. Nf3 d5 27. Ne5 dxc4
28. dxc4 Rc7 29. Ra2 Rc5 30. Bd5 Bxd5 31. Nd7 Bxc4 32. Nxf8+ Kg7 33. Nd7 Rxb5
34. Rxa4 Be6 35. Nb8 Nc5 36. Raa1 Bf5 37. Nc6 Nb3 38. Ra4 Bd7 39. Nd4 Rd5 40.
Rb4 Nxd4 41. Rxb6 Re5 42. e3 Nf3+ 43. Kf1 Nxe1 44. Kxe1 Bg4 45. Rb1 h5 46. Kf1
Bf3 47. Ke1 Rd5 48. h4 Kf6 49. Rb6+ Kf5 50. Rb1 g5 51. Ra1 gxh4 52. gxh4 e5 53.
Rc1 Kg4 54. e4 Rd1+ 55. Rxd1 Bxd1 56. Kxd1 Kxh4 57. Ke2 Kg4 58. f3+ Kg3 59. Kf1
Kxf3 60. Ke1 Kg2 61. Ke2 h4 62. Kd3 h3 63. Kc4 Kg3 64. Kd5 Kf4 65. Kd6 h2 66.
Ke7 f5 67. exf5 Kxf5 68. Kd7 h1=Q 69. Kc7 Qd1 70. Kc6 Qd4 71. Kb5 e4 72. Kc6 e3
73. Kb5 e2 74. Kc6 e1=R 75. Kb5 Qc3 76. Ka4 Qb2 77. Ka5 Ra1# 0-1

[Event "HUN Team League Ch. Csongrad Region"]
[Site "Csongrád County"]
[Date "2016.04.24"]
[Round "9.5"]
[White "Gyovai, Janos"]
[Black "Jakso, Abel"]
[Result "1-0"]
[WhiteElo "1321"]
[BlackElo "1350"]
[PlyCount "159"]
[EventDate "2015.09.20"]

1. e4 g6 2. Nf3 Bg7 3. d3 c5 4. Be3 Bxb2 5. Bxc5 Bxa1 6. c3 Qa5 7. Bd4 Nf6 8.
Qb3 O-O 9. Be2 Nc6 10. Be3 Ng4 11. Bd2 Qb6 12. O-O Qxb3 13. axb3 Nge5 14. Nxe5
Nxe5 15. d4 Nc6 16. Na3 Bxc3 17. Bxc3 a6 18. d5 Nd8 19. Nc4 b5 20. Ne3 Bb7 21.
Bg4 e6 22. Bf6 Rc8 23. Be7 Re8 24. Bb4 exd5 25. Bxd7 Rxe4 26. Bxc8 Bxc8 27.
Nxd5 Be6 28. Nf6+ Kg7 29. Nxe4 Bxb3 30. Nc5 Bc4 31. Rd1 Nc6 32. Bc3+ Kh6 33.
Nxa6 f5 34. Nb4 Na5 35. Nd5 Nb3 36. Bd2+ g5 37. Bc3 Be2 38. Re1 Bc4 39. Re5 f4
40. Nc7 Nc1 41. Kh1 Nd3 42. Re2 g4 43. h3 f3 44. gxf3 gxf3 45. Rc2 b4 46. Bxb4
Nxb4 47. Rxc4 Nd3 48. Kg1 Kg5 49. Ne6+ Kf5 50. Nd4+ Ke4 51. Ne2+ Kf5 52. Ng3+
Kg5 53. Re4 h5 54. Re3 Nf4 55. Rxf3 Nxh3+ 56. Kg2 Nf4+ 57. Rxf4 Kxf4 58. Nxh5+
Kg5 59. Ng3 Kg4 60. f3+ Kf4 61. Kf2 Kg5 62. Ke3 Kf6 63. Kf4 Kg6 64. Ke5 Kf7 65.
f4 Ke7 66. f5 Kf7 67. f6 Ke8 68. Ke6 Kf8 69. f7 Kg7 70. Ke7 Kh6 71. f8=Q+ Kg5
72. Qf5+ Kh4 73. Qg6 Kh3 74. Kf6 Kh4 75. Kf5 Kh3 76. Kf4 Kg2 77. Qc2+ Kg1 78.
Ne4 Kh1 79. Kf3 Kg1 80. Qg2# 1-0

[Event "HUN Team League Ch. Csongrad Region"]
[Site "Csongrád County"]
[Date "2016.04.24"]
[Round "9.5"]
[White "Almasi, Mate"]
[Black "Tamas, Attila"]
[Result "1-0"]
[WhiteElo "1396"]
[BlackElo "1226"]
[PlyCount "95"]
[EventDate "2015.09.20"]

1. e4 e5 2. g3 b6 3. Bg2 Bb7 4. Nc3 Nf6 5. Nge2 d5 6. exd5 Nxd5 7. O-O c6 8. d3
Be7 9. f4 Bc5+ 10. Kh1 exf4 11. Nxd5 cxd5 12. d4 Bd6 13. Bxf4 O-O 14. Bxd6 Qxd6
15. Nc3 a6 16. Qh5 g6 17. Qg5 Qd8 18. Qf6 Nd7 19. Qd6 Rc8 20. Rac1 Rc4 21. Nxd5
Bxd5 22. Qxd5 Qc7 23. c3 b5 24. Qb7 Qxb7 25. Bxb7 Ra4 26. a3 Nb6 27. Rf6 Nc4
28. b3 Rxa3 29. bxc4 bxc4 30. Rxa6 Rxa6 31. Bxa6 Re8 32. Kg2 Kg7 33. Kf3 f5 34.
h4 h5 35. Bxc4 Re4 36. Bd5 Re7 37. c4 Kf6 38. Kf4 Rd7 39. Bc6 Rxd4+ 40. Ke3 Rd6
41. Bf3 Ke5 42. c5 Rd8 43. c6 Rc8 44. Rd1 Rc7 45. Rd7 Rc8 46. Bd5 Kf6 47. Kf4
Rb8 48. Rf7# 1-0